TV Debuts: 2006 Quiz Stats

Quiz Updated Feb 28, 2014

Also try: TV Debuts: 2007
Challenge
Share
Tweet
Score 0/20 Timer 04:00
4 Plays Today
% Correct
Ugly Betty
94.3%
30 Rock
86.7%
America's Got Talent
80.9%
Heroes
79.7%
Dexter
77.7%
Friday Night Lights
71%
Psych
63.3%
The New Adventures of Old Christine
44.4%
1 Vs. 100
37.7%
Brothers & Sisters
33.7%
% Correct
Big Love
31.1%
The Hills
30.7%
Man Vs. Wild
25.4%
Top Chef
21.9%
Studio 60 on the Sunset Strip
18.7%
Eureka
17.8%
The Unit
13.2%
Metalocalypse
11.7%
Jericho
10.5%
Men in Trees
7.6%

You're not logged in!

Compare scores with friends on all Sporcle quizzes.
Join for Free
OR
Log In

You Might Also Like...

Show Comments

Extras

Top Quizzes Today


Score Distribution

Your Account Isn't Verified!

In order to create a playlist on Sporcle, you need to verify the email address you used during registration. Go to your Sporcle Settings to finish the process.

Report this User

Report this user for behavior that violates our Community Guidelines.

Details: